The lipid handbook /
Guardado en:
| Autor Principal: | |
|---|---|
| Formato: | Libro |
| Idioma: | English |
| Publicado: |
New York :
Chapman & Hall,
1994.
|
| Edición: | 2nd ed. |
| Materias: | |
| Etiquetas: |
Agregar Etiqueta
Sin Etiquetas, Sea el primero en etiquetar este registro!
|
| LEADER | 00673nam a22002055a 4500 | ||
|---|---|---|---|
| 001 | EIQ.libpla003089 | ||
| 008 | 940601s1994####nyua#####f####001#0#eng#d | ||
| 005 | 20071018143450.0 | ||
| 245 | 1 | 4 | |a The lipid handbook / |c Frank D. Gunstone, John L. Harwood, Fred B. Padley. |
| 250 | |a 2nd ed. | ||
| 260 | |a New York : |b Chapman & Hall, |c 1994. | ||
| 300 | |a xiii, 722, 551 p. : |b il. ; |c 29 cm. | ||
| 500 | |a Incluye índice. | ||
| 020 | |a 0412433206 | ||
| 100 | 1 | |a Gunstone, Frank D. | |
| 650 | 4 | |a Lípidos |x Handbooks, manuales, etc. | |
| 650 | 4 | |a Lipids |x Handbooks, manuals, etc. | |
| 010 | |a 94070866 | ||
| 040 | |a DLC |c DLC |d AR-BbSID | ||
| 859 | |a AR-BbSID |b BIB. PLAPIQUI |h 547.77 |i G 93 |p 4250 | ||
